[Event "GER-chT WK U18 4th"]
[Site "Kiel"]
[Date "2008.06.01"]
[Round "6.4"]
[White "Aghamoradi, Shervin"]
[Black "Hering, Tom"]
[Result "1-0"]
[WhiteElo "800"]
[BlackElo "884"]
[PlyCount "129"]
[EventDate "2008.05.31"]
[EventType "team-swiss"]
[EventRounds "7"]
[EventCountry "GER"]
[SourceTitle "EXT 2010"]
[Source "ChessBase"]
[SourceDate "2010.11.25"]
[SourceVersion "1"]
[SourceVersionDate "2010.11.25"]
[SourceQuality "1"]

1. e4 e5 2. Bc4 Nf6 3. Nf3 Nxe4 4. d3 Nf6 5. Bg5 d5 6. Bb5+ Nc6 7. Nc3 Qd6 8. 0-0 Bg4 9. h3 Bh5 10. g4 Nxg4 11. hxg4 Bxg4 12. Qe2 d4 13. Qxe5+ Be6 14. Qxd6 Bxd6 15. Ne4 0-0 16. Nxd6 cxd6 17. Bxc6 bxc6 18. Nxd4 Bd5 19. Be7 Rfe8 20. Bxd6 c5 21. Bxc5 Re5 22. f4 Rh5 23. c4 Rh1+ 24. Kf2 Rh2+ 25. Kg3 Rg2+ 26. Kh4 Bb7 27. Ba3 Bc8 28. f5 g5+ 29. Kh3 Bb7 30. Nf3 Rc2 31. Nxg5 Bg2+ 32. Kh4 Bxf1 33. Rxf1 f6 34. Ne6 Kf7 35. Rg1 Rh2+ 36. Kg3 Rh5 37. Kf4 Rg8 38. Rxg8 Kxg8 39. c5 Kf7 40. c6 Ke8 41. c7 Kd7 42. b4 Rh4+ 43. Ke3 Rg4 44. Kf3 h5 45. b5 Rg8 46. Bb2 h4 47. Bxf6 h3 48. Be5 Rg2 49. f6 Rxa2 50. f7 Kxe6 51. d4 Ra3+ 52. Ke2 Kxf7 53. c8Q Ra2+ 54. Kf3 Ra3+ 55. Kg4 Rb3 56. Qc4+ Ke7 57. Qxb3 h2 58. Bxh2 Kd7 59. Qc4 a5 60. bxa6 Ke7 61. Qc6 Kf7 62. a7 Ke7 63. a8Q Kf7 64. Kg5 Ke7 65. Qae8# 1-0